<?xml version="1.0" encoding="UTF-8"?>
<collection xmlns="http://www.loc.gov/MARC21/slim">
 <record>
  <leader>02312cam a2200409 a 4500</leader>
  <controlfield tag="001">000044014</controlfield>
  <controlfield tag="003">2183</controlfield>
  <controlfield tag="005">20220809104212.0</controlfield>
  <controlfield tag="008">010217b2001    vm            000   vie</controlfield>
  <datafield tag="020" ind1=" " ind2=" ">
   <subfield code="c">6800</subfield>
  </datafield>
  <datafield tag="040" ind1=" " ind2=" ">
   <subfield code="a">LRCC</subfield>
   <subfield code="c">LRCC</subfield>
   <subfield code="d">LRCC</subfield>
  </datafield>
  <datafield tag="041" ind1="0" ind2=" ">
   <subfield code="a">vie</subfield>
  </datafield>
  <datafield tag="082" ind1="1" ind2="4">
   <subfield code="a">519</subfield>
   <subfield code="b">DƯ-V</subfield>
  </datafield>
  <datafield tag="100" ind1="1" ind2=" ">
   <subfield code="a">Dương Thủy Vỹ,</subfield>
   <subfield code="c">PGS. TS.</subfield>
  </datafield>
  <datafield tag="245" ind1="1" ind2="0">
   <subfield code="a">Giáo trình phương pháp tính :</subfield>
   <subfield code="b">(Dùng cho sinh viên trường Đại học Bách khoa Hà Nội và các trường đại học khác) /</subfield>
   <subfield code="c">Dương Thủy Vỹ.</subfield>
  </datafield>
  <datafield tag="250" ind1=" " ind2=" ">
   <subfield code="a">Tái bản lần thứ nhất có bổ sung và sửa chữa.</subfield>
  </datafield>
  <datafield tag="264" ind1=" " ind2="1">
   <subfield code="2">Hà Nội :</subfield>
   <subfield code="b">Khoa học và kỹ thuật,</subfield>
   <subfield code="c">2001.</subfield>
  </datafield>
  <datafield tag="300" ind1=" " ind2=" ">
   <subfield code="a">168 tr. ;</subfield>
   <subfield code="c">20,5 cm.</subfield>
  </datafield>
  <datafield tag="520" ind1="3" ind2=" ">
   <subfield code="a">Số xấp xỉ và sai số. Tính gần đúng nghiệm thực của phương trình đại số và siêu việt. Giải hệ thống phương trình đại số tuyến tính. Đa thức nội suy và phương pháp bình phương bé nhất. Tính gần đúng đạo hàm và tích phân xác định. Giải gần đúng phương trình vi phân thường.</subfield>
  </datafield>
  <datafield tag="526" ind1="0" ind2=" ">
   <subfield code="a">Giáo trình đại cương</subfield>
  </datafield>
  <datafield tag="630" ind1="0" ind2="4">
   <subfield code="a">Toán học.</subfield>
  </datafield>
  <datafield tag="630" ind1="0" ind2="4">
   <subfield code="a">Xác suất.</subfield>
  </datafield>
  <datafield tag="650" ind1="0" ind2="4">
   <subfield code="a">Toán học</subfield>
   <subfield code="x">Lý thuyết.</subfield>
  </datafield>
  <datafield tag="910" ind1=" " ind2=" ">
   <subfield code="a">HTNHUNG</subfield>
  </datafield>
  <datafield tag="OWN" ind1=" " ind2=" ">
   <subfield code="a">DUT</subfield>
  </datafield>
  <datafield tag="AVA" ind1=" " ind2=" ">
   <subfield code="a">UDN50</subfield>
   <subfield code="b">DUT</subfield>
   <subfield code="c">Book</subfield>
   <subfield code="d">519 DƯ-V</subfield>
   <subfield code="e">check_holdings</subfield>
   <subfield code="t">Error 5003 Not defined in file expand_doc_bib_avail.</subfield>
   <subfield code="h">N</subfield>
   <subfield code="j">SH</subfield>
   <subfield code="k">1</subfield>
  </datafield>
  <datafield tag="Z40" ind1="3" ind2=" ">
   <subfield code="y">Giáo trình phương pháp tính</subfield>
   <subfield code="l">Library of DUT</subfield>
   <subfield code="t">VIEW</subfield>
   <subfield code="x">http://catalog.udn.vn:80/F?func=service&amp;doc_library=UDN01&amp;local_base=UDN01&amp;doc_number=000044014&amp;sequence=000001&amp;line_number=0001&amp;func_code=DB_RECORDS&amp;service_type=MEDIA</subfield>
   <subfield code="f">SA.44014_000018092.pdf</subfield>
   <subfield code="e">pdf</subfield>
   <subfield code="s">015221193</subfield>
   <subfield code="k">20220809</subfield>
   <subfield code="m">HTNHUNG</subfield>
  </datafield>
  <datafield tag="999" ind1=" " ind2=" ">
   <subfield code="a">From the UDN01</subfield>
  </datafield>
  <datafield tag="AVA" ind1=" " ind2=" ">
   <subfield code="a">UDN50</subfield>
   <subfield code="b">DUT</subfield>
   <subfield code="c">Book</subfield>
   <subfield code="d">519 DƯ-V</subfield>
   <subfield code="e">available</subfield>
   <subfield code="t">Error 5001 Not defined in file expand_doc_bib_avail.</subfield>
   <subfield code="f">65</subfield>
   <subfield code="g">3</subfield>
   <subfield code="h">N</subfield>
   <subfield code="i">36</subfield>
   <subfield code="j">SH</subfield>
   <subfield code="k">1</subfield>
  </datafield>
  <datafield tag="TYP" ind1=" " ind2=" ">
   <subfield code="a">Monograph</subfield>
  </datafield>
  <datafield tag="TYP" ind1=" " ind2=" ">
   <subfield code="a">Printed language</subfield>
  </datafield>
  <datafield tag="856" ind1=" " ind2=" ">
   <subfield code="y">Giáo trình phương pháp tính</subfield>
   <subfield code="l">Library of DUT</subfield>
   <subfield code="t">VIEW</subfield>
   <subfield code="x">http://catalog.udn.vn:80/F?func=service&amp;doc_library=UDN01&amp;local_base=UDN01&amp;doc_number=000044014&amp;sequence=000001&amp;line_number=0001&amp;func_code=DB_RECORDS&amp;service_type=MEDIA</subfield>
   <subfield code="f">SA.44014_000018092.pdf</subfield>
   <subfield code="e">pdf</subfield>
   <subfield code="s">015221193</subfield>
   <subfield code="k">20220809</subfield>
   <subfield code="m">HTNHUNG</subfield>
  </datafield>
  <datafield tag="980" ind1=" " ind2=" ">
   <subfield code="a">Mạng thư viện Đại học Đà Nẵng</subfield>
  </datafield>
 </record>
</collection>
